000 01799nam0a2200325 4500
001 RU\NLR\bibl\1235493
005 20250615115449.0
010 _a978-5-94809-305-5
_91000
021 _aRU
_b2008-55346
_93070
035 _a(NLR Aleph) 001221735
090 _a142757
_c142757
100 _a20080603d2007 |||y0rusy50 ca
101 0 _arus
102 _aRU
105 _ay |||||||||
200 1 _aОрганы департамента полиции МВД в системе "военно-административного" управления Русским Туркестаном
_eпо архивным, правовым и иным источникам
_fП.П. Литвинов
_gМ-во образования и науки Рос. Федерации, Федер. агентство по образованию, Гос. образоват. учреждение высш. проф. образования "Елец. гос. ун-т им. И.А. Бунина"
210 _aЕлец
_cЕлецкий государственный университет
_d2007
215 _a539 с.
_d22
320 _aБиблиогр. в тексте и в подстроч. примеч.
601 0 2 _aТуркестанское районное охранное управление
_92527156
_3RU\NLR\auth\661497121
607 _aТуркестан
_xПолитика и управление
_92527983
_3RU\NLR\auth\661497569
686 _aТ3(2)52-53
686 _aХ2(257)47-523
700 1 _aЛитвинов
_bП. П.
_gПетр Петрович
_4070
801 0 _aRU
_bNLR
_c20080603
_gRCR
801 1 _aRU
_bNLR
_c20080603
830 _aАвт. по кн.
942 _cBOOK
980 _aNB